| 000 | 00810nam a2200217Ia 4500 | ||
|---|---|---|---|
| 001 | 275 | ||
| 003 | GE_BSU | ||
| 008 | 181216s||||||||xx |||||||||||||| ||und|| | ||
| 040 | _cGE_BSU | ||
| 080 | _a94(479.9) | ||
| 100 | _aბოცვაძე, თ. | ||
| 245 | _aჩრდილო კავკასიის ხალხები საქართველოს საგარეო პოლიტიკაში | ||
| 260 | _aთბილისი | ||
| 260 | _c1990 | ||
| 300 | _a286 გვ. | ||
| 541 | _h7 ლ. | ||
| 653 | _aპოლიტიკა | ||
| 653 | _aჩრდილო კავკასია | ||
| 653 | _aჩრდილო კავკასიის ხალხები საქართველოს საგარეო პოლიტიკაში | ||
| 942 | _cBK | ||
| 999 |
_c34525 _d34525 |
||